000 00475nam a2200181 4500
003 SEACOMEC
005 20240523151851.0
008 240523b |||||||| |||| 00| 0 eng d
020 _a 8185719825
_c125.00
040 _aSEACOMEC
082 _a620.004
_bR161
100 _a Rajput, R.K
245 1 _aEngineering measurements and instrumentation
_cR.K Rajput
250 _a4th ed.
260 _a Delhi
_b S. K. Kataria
_c2004
650 _a INSTRUMENTATION
942 _cBOOK
999 _c1202
_d1202